ទឹកចិត្តជីដូន : (Record no. 8555)

MARC details
000 -LEADER
fixed length control field 02381nam a22003017a 4500
001 - CONTROL NUMBER
control field 8555
003 - CONTROL NUMBER IDENTIFIER
control field FISKH
005 - DATE AND TIME OF LATEST TRANSACTION
control field 20250929152938.0
008 - FIXED-LENGTH DATA ELEMENTS--GENERAL INFORMATION
fixed length control field 250929b cb ||||| |||| 00| 0 eng d
020 ## - INTERNATIONAL STANDARD BOOK NUMBER
International Standard Book Number 9789996301612
040 ## - CATALOGING SOURCE
Original cataloging agency FISKH
Language of cataloging khr
Transcribing agency FISKH
Modifying agency FISKH
050 ## - LIBRARY OF CONGRESS CALL NUMBER
Classification number PZ7
100 ## - MAIN ENTRY--PERSONAL NAME
Personal name Dawn, Dim
245 ## - TITLE STATEMENT
Title ទឹកចិត្តជីដូន :
Remainder of title Grandmother's morale /
Statement of responsibility, etc. និពន្ធដោយ លោក ឌឹម ដន , កែសម្រួលដោយ អ្នកស្រី គឹមស៊ុន សុធារី
260 ## - PUBLICATION, DISTRIBUTION, ETC.
Place of publication, distribution, etc. Phnom Penh :
Name of publisher, distributor, etc. Reading Books ,
Date of publication, distribution, etc. 2012.
300 ## - PHYSICAL DESCRIPTION
Extent 24 pages :
Other physical details color illustrations ;
Dimensions 25 cm .
490 ## - SERIES STATEMENT
Series statement ពិភពរឿងនិទាន​
505 ## - FORMATTED CONTENTS NOTE
Formatted contents note M <br/>
520 ## - SUMMARY, ETC.
Summary, etc. រឿងនេះត្រូវបានរចនាឡើងដើម្បីអប់រំកុមារឱ្យមានការអត់ធ្មត់ និងស្រលាញ់ជីដូន ទោះបីជាជីដូនខ្លះមិនមានទ្រព្យសម្បត្តិ និងមិនបានរស់ជិតកូនចៅក៏ដោយ ក៏ពួកគេតែងមានសេចក្តីស្រលាញ់ និងការយកចិត្តទុកដាក់ចំពោះកូនចៅជានិច្ច។ អ្វីដែលសំខាន់នោះគឺការបណ្ដុះបណ្ដាលកុមារឲ្យដឹងថា យើងអាចរស់នៅទីក្រុង ឬជនបទក៏បាន ប៉ុន្តែគុណធម៌ និងការខិតខំប្រឹងប្រែងជារឿងសំខាន់។
520 ## - SUMMARY, ETC.
Summary, etc. This story is designed to educate children to be patient and love their grandma though some of them are not rich and don't live closely with their grandchildren, they always love and pay attention to their grandchildren and to make children aware that we can live in either cities or rural areas , but morality and hard work are of importance .
521 8# - TARGET AUDIENCE NOTE
Target audience note 550 <br/>
Source Lexile estimate <br/>
521 8# - TARGET AUDIENCE NOTE
Target audience note M <br/>
Source Raz-Plus <br/>
650 ## - SUBJECT ADDED ENTRY--TOPICAL TERM
Topical term or geographic name entry element ទឹកចិត្តជីដូន
Form subdivision រឿងនិទានកុមារ
650 ## - SUBJECT ADDED ENTRY--TOPICAL TERM
Topical term or geographic name entry element Grandmother's morale
Form subdivision Children's stories
700 ## - ADDED ENTRY--PERSONAL NAME
Personal name Vichit, Prom
Relator term Illustrator
942 ## - ADDED ENTRY ELEMENTS (KOHA)
Source of classification or shelving scheme Dewey Decimal Classification
Koha item type Khmer Books
Suppress in OPAC No
Holdings
Withdrawn status Lost status Source of classification or shelving scheme Damaged status Not for loan Collection Home library Current library Shelving location Date acquired Total Checkouts Full call number Barcode Date last seen Copy number Price effective from Koha item type
    Dewey Decimal Classification     Khmer-English Bilingual / ភាសាខ្មែរ-អង់គ្លេស Footprints International School Library Network Toul Tom Poung Campus Footprints International School Library Network Toul Tom Poung Campus TTP Primary Khmer Bookshelves 09/29/2025   DAW PZ7 FIS04228 09/29/2025 1 09/29/2025 Khmer Books
    Dewey Decimal Classification     Khmer-English Bilingual / ភាសាខ្មែរ-អង់គ្លេស Footprints International School Library Network Toul Tom Poung Campus Footprints International School Library Network Toul Tom Poung Campus TTP Primary Khmer Bookshelves 10/23/2025   DAW PZ7 FIS04269 10/23/2025 2 10/23/2025 Khmer Books
    Dewey Decimal Classification     Khmer-English Bilingual / ភាសាខ្មែរ-អង់គ្លេស Footprints International School Library Network Toul Tom Poung Campus Footprints International School Library Network Toul Tom Poung Campus TTP Primary Khmer Bookshelves 11/11/2025   DAW PZ7 FIS04263 11/11/2025 3 11/11/2025 Khmer Books
    Dewey Decimal Classification     Khmer-English Bilingual / ភាសាខ្មែរ-អង់គ្លេស Footprints International School Library Network Toul Tom Poung Campus Footprints International School Library Network Toul Tom Poung Campus TTP Primary Khmer Bookshelves 11/28/2025   DAW PZ7 2025-4989 11/28/2025 4 11/28/2025 Khmer Books